Nivel De Alfabetización Digital En La Carrera De Enfermería, De La Universidad Adventista Dominicana, Extensión Santo Domingo, Durante El Período 2012-2013. (Record no. 662)

MARC details
000 -LEADER
campo de control de longitud fija 02462nam a2200541Ia 4500
001 - NÚMERO DE CONTROL
campo de control 735
008 - DATOS DE LONGITUD FIJA--INFORMACIÓN GENERAL
campo de control de longitud fija 241029s9999 xx 000 0 und d
010 ## - NÚMERO DE CONTROL DE LA BIBLIOTECA DEL CONGRESO
Número de control de LC 662
041 ## - CÓDIGO DE IDIOMA
Código de lengua del texto/banda sonora o título independiente Español
082 ## - NÚMERO DE LA CLASIFICACIÓN DECIMAL DEWEY
Número de clasificación NO APLICA
245 #0 - MENCIÓN DEL TÍTULO
Título Nivel De Alfabetización Digital En La Carrera De Enfermería, De La Universidad Adventista Dominicana, Extensión Santo Domingo, Durante El Período 2012-2013.
260 ## - PUBLICACIÓN, DISTRIBUCIÓN, ETC.
Lugar de publicación, distribución, etc. Santo Domingo
300 ## - DESCRIPCIÓN FÍSICA
Extensión 104
520 ## - RESUMEN, ETC.
Sumario, etc. 6
520 ## - RESUMEN, ETC.
Sumario, etc. El propósito general de esta investigación, es determinar el nivel de alfabetización digital en la carrera de enfermería de la Universidad Adventista Dominicana, extensión SantoDomingo, durante el periodo 2012-2013.Las preguntas de investigación son: ¿Qué habilidades en el uso de las Tecnologías de la Información, poseen los estudiantes que ingresan a la Universidad AdventistaDominicana en su carrera de enfermería? ¿Cuáles son los recursos utilizados por  lumnos y docentes?¿Cuál es la actitud de los estudiantes y docentes frente al uso de la tecnología? ¿De qué forma la universidad, puede ayudar a resolver el problema?La muestra está compuesta por 164 estudiantes y 10 docentes. El método utilizado es descriptivo. La técnica usada es la encuesta. Se concluyó que la mayoría de los encuestados poseen manejo en uso de correo electrónico y tienen actitud positiva hacia la tecnología.  Se recomienda a la universidad cursos talleres extra curriculares.
630 ## - PUNTO DE ACCESO ADICIONAL DE MATERIA--TÍTULO UNIFORME
Título uniforme Alfabetización
630 ## - PUNTO DE ACCESO ADICIONAL DE MATERIA--TÍTULO UNIFORME
Título uniforme Salud Escolar
630 ## - PUNTO DE ACCESO ADICIONAL DE MATERIA--TÍTULO UNIFORME
Título uniforme Tecnología Educativa
650 ## - PUNTO DE ACCESO ADICIONAL DE MATERIA--TÉRMINO DE MATERIA
Término de materia o nombre geográfico como elemento de entrada Tecnología de la Información y de la Comunicación (TICs)
690 ## - PUNTO DE ACCESO ADICIONAL DE MATERIA LOCAL--TÉRMINO DE MATERIA (OCLC, RLIN)
Término de materia o nombre geográfico como elemento inicial Copiado sin cambios
700 ## - ENTRADA AGREGADA--NOMBRE PERSONAL
Término indicativo de función/relación asesor
Nombre de persona Amador, Solanyi
700 ## - ENTRADA AGREGADA--NOMBRE PERSONAL
Término indicativo de función/relación autor
Nombre de persona Torres Bernard, Elvis Ariel
901 ## - ELEMENTOS DE DATOS A LOCAL LDA (RLIN)
a {"1":"Torres Bernard"}
b {"1":"Elvis Ariel "}
902 ## - ELEMENTOS DE DATOS B LOCAL, LDB (RLIN)
a 1
903 ## - ELEMENTOS DE DATOS C LOCAL, LDC (RLIN)
a {"1":" Amador"}
b {"1":"Solanyi"}
904 ## - ELEMENTOS DE DATOS D LOCAL, LDD (RLIN)
a Magíster en
905 ## - ELEMENTOS DE DATOS E LOCAL, LDE (RLIN)
a Docencia Universitaria
906 ## - ELEMENTOS DE DATOS F LOCAL, LDF (RLIN)
a 2
907 ## - ELEMENTOS DE DATOS G LOCAL, LDG (RLIN)
a NO APLICA
908 ## - COLOCAR PARÁMETRO DE COMANDO (RLIN)
Colocar parámetro de comando NO APLICA
909 ## -
-- Universidad Adventista Dominicana (UNAD)
910 ## - DATOS DE OPCIÓN DEL USUARIO (OCLC)
Datos de opción del usuario NULL
-- NULL
911 ## - EQUIVALENCIA O REFERENCIA-CRUZADA-NOMBRE DE CONFERENCIA O REUNIÓN/CONGRESO [LOCAL, CANADÁ]
Nombre de congreso/reunión o jurisdicción como elemento de entrada ["1"]
912 ## -
-- NO APLICA
913 ## -
-- NULL
914 ## -
-- 01 de Septiembre de 2013
915 ## -
-- 17/06/14 08:06
916 ## -
-- NULL
917 ## -
-- NULL
918 ## -
-- NO APLICA
919 ## -
-- ["12","181","191"]
921 ## -
-- 28
922 ## -
-- 28
923 ## -
-- 0
924 ## -
-- NO APLICA
942 ## - ELEMENTOS DE ENTRADA SECUNDARIOS (KOHA)
Tipo de ítem Koha

No items available.

© 2024. Todos los Derechos Reservados. Desarrollado por IDEICE